000 00348nam a2200169Ia 4500
100 _aHoffman/Steve
650 _aApache
942 _cBK
366 _f20
654 _aapache flume
245 _aApache Flume:Distributed log collection
260 _bPACKT
_c2013
082 _a5.133
_bHOF
300 _a94
546 _aENGLISH
999 _c34662
_d34662